<?xml version="1.0" encoding="UTF-8"?>
<record
    xmlns:xsi="http://www.w3.org/2001/XMLSchema-instance"
    xsi:schemaLocation="http://www.loc.gov/MARC21/slim http://www.loc.gov/standards/marcxml/schema/MARC21slim.xsd"
    xmlns="http://www.loc.gov/MARC21/slim">

  <leader>00988nam a2200253 a 4500</leader>
  <controlfield tag="001">BRL_1150</controlfield>
  <controlfield tag="005">20190320211046.0</controlfield>
  <controlfield tag="008">151113s2003----mx-ab#####---#000-0#spa-#</controlfield>
  <datafield tag="020" ind1=" " ind2=" ">
    <subfield code="a">9686340939</subfield>
  </datafield>
  <datafield tag="041" ind1=" " ind2=" ">
    <subfield code="a">spa</subfield>
  </datafield>
  <datafield tag="044" ind1=" " ind2=" ">
    <subfield code="a">mx</subfield>
  </datafield>
  <datafield tag="050" ind1=" " ind2="4">
    <subfield code="a">F1391.T9</subfield>
    <subfield code="b">.T95 2003</subfield>
  </datafield>
  <datafield tag="245" ind1="1" ind2="0">
    <subfield code="a">Tula</subfield>
    <subfield code="b">m&#xE1;s all&#xE1; de la zona arqueol&#xF3;gica</subfield>
    <subfield code="c">Laura Elena Sotelo Santos, coordinadora ; Jes&#xFA;s Berm&#xFA;dez, Horacio Romero, fotograf&#xED;a.</subfield>
  </datafield>
  <datafield tag="260" ind1=" " ind2=" ">
    <subfield code="a">Pachuca, Hidalgo, M&#xE9;xico</subfield>
    <subfield code="b">Universidad Aut&#xF3;noma del Estado de Hidalgo</subfield>
    <subfield code="c">2003</subfield>
  </datafield>
  <datafield tag="300" ind1=" " ind2=" ">
    <subfield code="a">191 p.</subfield>
    <subfield code="b">il. (algunas a color), mapas</subfield>
    <subfield code="c">32 cm.</subfield>
  </datafield>
  <datafield tag="504" ind1=" " ind2=" ">
    <subfield code="a">Bibliograf&#xED;a : p. 187-191</subfield>
  </datafield>
  <datafield tag="651" ind1=" " ind2="4">
    <subfield code="a">Tula de Allende (M&#xE9;xico)</subfield>
    <subfield code="x">Historia</subfield>
    <subfield code="9">25943</subfield>
  </datafield>
  <datafield tag="651" ind1=" " ind2="4">
    <subfield code="a">Tula de Allende (M&#xE9;xico)</subfield>
    <subfield code="v">Trabajos Ilustrados</subfield>
    <subfield code="9">25944</subfield>
  </datafield>
  <datafield tag="651" ind1=" " ind2="4">
    <subfield code="a">Tula de Allende (M&#xE9;xico)</subfield>
    <subfield code="v">Trabajos Ilustrados</subfield>
    <subfield code="x">Antig&#xFC;edades</subfield>
    <subfield code="9">25945</subfield>
  </datafield>
  <datafield tag="700" ind1="1" ind2=" ">
    <subfield code="a">Sotelo Santos, Laura Elena</subfield>
    <subfield code="e">coord.</subfield>
    <subfield code="9">25946</subfield>
  </datafield>
  <datafield tag="700" ind1="1" ind2=" ">
    <subfield code="a">Berm&#xFA;dez, Jes&#xFA;s</subfield>
    <subfield code="e">il.</subfield>
    <subfield code="9">25947</subfield>
  </datafield>
  <datafield tag="700" ind1="1" ind2=" ">
    <subfield code="a">Romero, Horacio</subfield>
    <subfield code="e">il.</subfield>
    <subfield code="9">25948</subfield>
  </datafield>
  <datafield tag="942" ind1=" " ind2=" ">
    <subfield code="2">lcc</subfield>
    <subfield code="c">B</subfield>
  </datafield>
  <datafield tag="999" ind1=" " ind2=" ">
    <subfield code="c">9962</subfield>
    <subfield code="d">9962</subfield>
  </datafield>
  <datafield tag="952" ind1=" " ind2=" ">
    <subfield code="0">0</subfield>
    <subfield code="1">0</subfield>
    <subfield code="4">0</subfield>
    <subfield code="7">0</subfield>
    <subfield code="a">BRL</subfield>
    <subfield code="b">BRL</subfield>
    <subfield code="d">2013-11-15</subfield>
    <subfield code="l">0</subfield>
    <subfield code="o">F1391.T9 .T95 2003</subfield>
    <subfield code="p">00015</subfield>
    <subfield code="r">2019-03-22 00:00:00</subfield>
    <subfield code="w">2019-03-22</subfield>
    <subfield code="y">B</subfield>
  </datafield>
</record>
